000 00222 a2200097 4500
001 55307
100 _a
245 _aPerwan wind dust motes
260 _aNew york
_bOxford University
_c2007
090 _c34284
_d34284
942 _aNUST-CAE
_cMONOGRAPH
_c26985
999 _c290380
_d290380